000 00573 a2200169 4500
020 _a1842653490
020 _a9781842653494
082 0 4 _a539.12
090 _c618
_d618
100 1 _aSinha, S. K.
245 1 0 _aMolecular physics :
_bkinetic theory and thermodynamics /
_cS. K. Sinha, T. K. Dey.
260 _a[S.l.] :
_bAlpha Science Intl Ltd,
_c2006.
300 _a521 p. ;
_c25 cm.
700 1 _aDey, T. K.
942 _aSNS
_cBK
_k539.12 SIN
999 _c29248
_d29248